000 00432nam a2200181Ia 4500
001 13131
005 20260306163031.0
008 260306t2010||||xx |||||||||||||| ||spa||
041 _aESP
082 _aRT 612.8
_bF36
100 _aFelten, David L.
_eAUT
245 0 _aNetter atlas de neurociencia
260 _c2010
300 _axviii, 438 páginas :
_c28 cm.
650 _aGEN
654 _aCPS
942 _cLIB
_dJUS
_fJUS
_2ddc
_n
999 _c13131
_d13131